000
00252nam a22000977a 4500
008
240831b |||||||| |||| 00| 0 eng d
020
_a
9788129148278
100
_a
O'Brien Derek
_9
7791
245
_a
The India A-Z Quiz Book
260
_a
New Delhi
_b
Rupa
_c
2017
999
_c
12633
_d
12633